01129nam a2200193Ia 4500001001100000003001000011008004100021040002500062041001300087100001800100245004800118250001100166260007600177300001200253500026000265501011400525520026000639650003600899L200-55792IT-CnALBA170116s9999||||xx |||||||||||||| ||und|| aIT-CnALBAcIT-CnALBA aITALIANO aMAURUS JOSEPH 0aNELLA SOFFERENZA AIUTATI CHE DIO TI AIUTA.  a1a ed. a UDINEbSEGNO, EDIZIONI c2002 [1° Ed.:2002 - Ed.Ling.Originale: 2002] a112 p.  aLA SOFFERENZA PARTE DELLA VITA. CON AMORE. LA BUONA SALUTE. L'IGIENE MENTALE E LA SALUTE. DOLORE CON FEDE. AMORE ALL'OSPEDALE. TENSIONE MAGICA. DEPRESSIONE. TIMIDEZZA. PAURA TRISTEZZA SOLITUDINE ANSIA ANGOSCIA SENSO DI COLPA. STRESS AGGRESSIVITA' INSONNIA aSocietà San Paolo EM - Piazza San Paolo, 14 - 12051 ALBA (CN) (non commercial uses only) ® Copyright 2017 aLA SOFFERENZA PARTE DELLA VITA. CON AMORE. LA BUONA SALUTE. L'IGIENE MENTALE E LA SALUTE. DOLORE CON FEDE. AMORE ALL'OSPEDALE. TENSIONE MAGICA. DEPRESSIONE. TIMIDEZZA. PAURA TRISTEZZA SOLITUDINE ANSIA ANGOSCIA SENSO DI COLPA. STRESS AGGRESSIVITA' INSONNIA aRELIGIONE - RELIGIONE CRISTIANA